000 00255as aa2200097a 44500
090 _aSERIADAS
_b01421
245 1 0 _aTierra: agroecología-medio ambiente-desarrollo rural
260 _bEditorial Kimpres Ltda
_aColombia
041 0 _aEspañol
942 _cREVISTA
999 _c17151
_d17151